000 00351nam a2200133Ia 4500
008 240624s9999 xx 000 0 und d
041 _aeng
082 _a332.632 RAM
100 _aRAMASWAMY SRICHANDER
245 _aMANAGING CREDIT RISK IN CORPORATE BOND P
260 _c2004
_aUSA
_bJohn Wiley and Sons
300 _axiv,274p. ; 23cm
365 _c
_b27
999 _c20699
_d20699